| 000 | 00496nam a2200205Ia 4500 | ||
|---|---|---|---|
| 003 | 0100 | ||
| 008 | 130227s9999 xx 000 0 und d | ||
| 040 | _cARRUPELIB | ||
| 050 | _aLB880.M3M441 1980 | ||
| 100 | _aMatthews, Michael R. | ||
| 245 | 4 | _aThe Marxist theory of schooling | |
| 245 | _ba study of epistemology and education | ||
| 260 | _aSussex | ||
| 260 | _bHarvester Press | ||
| 260 | _C1980 | ||
| 300 | _ax | ||
| 300 | _b 214p. 22cm. | ||
| 650 | _bKnox, John | ||
| 942 |
_2lcc _03 |
||
| 999 |
_c984 _d984 |
||